[Event "GM Classic"]
[Site "Gausdal NOR"]
[Date "2004.09.24"]
[Round "2"]
[White "Johannessen,LE"]
[Black "Sammalvuo,T"]
[Result "1-0"]
[WhiteElo "2538"]
[BlackElo "2445"]

1.Nf3 Nf6 2.c4 e6 3.g3 d5 4.d4 Be7 5.Bg2 O-O 6.O-O dxc4 7.Qc2 a6 8.Qxc4 b5
9.Qc2 Bb7 10.Bd2 Be4 11.Qc1 Bb7 12.Bf4 Nd5 13.Rd1 Nxf4 14.gxf4 c5 15.dxc5 Qc7
16.Ne5 Bxg2 17.Kxg2 Bxc5 18.Nc3 Ra7 19.Ne4 Be7 20.Qe3 Rb7 21.Rac1 Qa5 22.Ng5 Bxg5
23.fxg5 Qxa2 24.Qe4 Ra7 25.Rc3 Qxb2 26.Rh3 f5 27.gxf6 gxf6 28.Rg3+ Kh8 29.Rd4 Qc1
30.Qh4 Rg7 31.Rxg7 Kxg7 32.Rg4+ Kh8 33.Ng6+ Kg7 34.Nxf8+  1-0

[Event "79th ch-ARG"]
[Site "Buenos Aires ARG"]
[Date "2004.09.25"]
[Round "2"]
[White "Giardelli,S"]
[Black "Demaria,J"]
[Result "0-1"]
[WhiteElo "2434"]
[BlackElo "2275"]

1.d4 Nf6 2.Nf3 e6 3.g3 d5 4.Bg2 Be7 5.c4 O-O 6.O-O Ne4 7.Qc2 c6 8.Nc3 f5
9.e3 Nd7 10.Ne1 Qe8 11.Ne2 Ndf6 12.Nd3 Qh5 13.f3 Nd6 14.c5 Nf7 15.e4 g5 16.e5 Ne8
17.h4 gxh4 18.Ndf4 Qh6 19.Nxd5 Bg5 20.Ne7+ Kh8 21.Nxc8 Rxc8 22.Bxg5 Nxg5
23.f4 Nf7 24.Qb3 Rg8 25.Rf3 Nd8 26.Kf2 Rc7 27.Rh1 Rg4 28.gxh4 Rcg7 29.Rh2 Nc7
30.Rfh3 Rg8 31.Bf3 R4g7 32.Qe3 Nd5 33.Bxd5 exd5 34.Qd3 Ne6 35.Rf3 Qh5 36.Ng3 Qg4
37.h5 b6 38.b4 bxc5 39.dxc5 Rf7 40.Qc3 Rb7 41.a3 a5 42.h6 axb4 43.axb4 Rgb8
44.Ne2 Rxb4 45.Rg3 Rxf4+ 46.Nxf4 Qxf4+ 47.Kg2 Qe4+ 48.Kf2 Qf4+ 49.Kg2 Rb1
50.Qf3 Rb2+ 51.Kh1 Rb1+ 52.Kg2 Qd2+  0-1

[Event "Tatry Open"]
[Site "Tatranske Zruby SVK"]
[Date "2004.09.26"]
[Round "2"]
[White "Mlynek,P"]
[Black "Petrik,T"]
[Result "0-1"]
[WhiteElo "2190"]
[BlackElo "2457"]

1.d4 Nf6 2.c4 e6 3.g3 d5 4.Nf3 Be7 5.Bg2 O-O 6.O-O dxc4 7.Qc2 a6 8.a4 Bd7
9.Qxc4 Bc6 10.Nc3 b5 11.Qd3 b4 12.Nd1 Be4 13.Qd2 Nc6 14.Ne3 Rb8 15.Rd1 Na5
16.Qe1 Nb3 17.Nd2 Nxa1 18.Nxe4 Nb3 19.Rd3 Nxc1 20.Qxc1 Nd5 21.Nc4 Bd6 22.Ne5 Bxe5
23.dxe5 Qe7 24.Nc5 Rb6 25.Nb3 Qe8 26.a5 Rc6 27.Qd2 Rc4 28.Bxd5 exd5 29.Rxd5 Qc6
30.Rd8 g6 31.f3 Rc2 32.Rxf8+ Kxf8 33.Qxb4+ Kg7 34.Kf2 Rxb2 35.e6 Qxe6 36.Qc3+ Qf6
37.Qc4 Kg8 38.Nc5 Rb5 39.Ne4 Qe5 40.f4 Qe7 41.Qd4 f5 42.Nf6+ Kf7 43.Nxh7 Qc5
44.Ng5+ Ke8 45.Qxc5 Rxc5 46.Ne6 Rxa5  0-1

[Event "Tatry Open"]
[Site "Tatranske Zruby SVK"]
[Date "2004.09.26"]
[Round "2"]
[White "Taborsky,R"]
[Black "Bednar,Jan"]
[Result "1-0"]
[WhiteElo "2278"]
[BlackElo "2085"]

1.c4 e6 2.d4 d5 3.Nf3 Nf6 4.g3 Be7 5.Bg2 O-O 6.O-O c6 7.Qc2 b6 8.Rd1 Bb7
9.Nc3 Qc8 10.b3 Nbd7 11.e4 dxe4 12.Ng5 Rd8 13.Ngxe4 c5 14.d5 exd5 15.cxd5 Nxe4
16.Nxe4 Nf6 17.Bg5 Nxd5 18.Rxd5 Rxd5 19.Bxe7 Qf5 20.Nf6+ gxf6 21.Qxf5 Rxf5
22.Bxb7 Re8 23.Bd6 Kg7 24.Kf1 Rh5 25.h4 c4 26.bxc4 Ra5 27.a4 Re6 28.Bb4 Rae5
29.Bd5 Re8 30.Bc3 Re2 31.Bd4 Rd2 32.Be3 Rb2 33.g4 Rd8 34.g5 Rd6 35.Bd4 Rd2
36.Bxf6+ Kg6 37.Bc3 R2xd5 38.cxd5 Rxd5 39.Re1 a5 40.Re5 Rd3 41.Bb2 Kh5 42.Re4 Rb3
43.Bf6 b5 44.axb5 Rxb5 45.Kg2 Rb3 46.f3 Ra3 47.Kg3 a4 48.Bd4 Rb3 49.Rf4 Rb4
50.Rf6  1-0

[Event "Tatry Open"]
[Site "Tatranske Zruby SVK"]
[Date "2004.09.29"]
[Round "6"]
[White "Kostelny,J"]
[Black "Mrva,V"]
[Result "1/2-1/2"]
[WhiteElo "2284"]
[BlackElo "2119"]

1.d4 Nf6 2.c4 e6 3.g3 d5 4.Bg2 Be7 5.Nf3 Nbd7 6.O-O O-O 7.Qc2 c6 8.Bg5 Ne8
9.Bxe7 Qxe7 10.Nbd2 f5 11.Ne5 Nef6 12.Nd3 Kh8 13.Nf3 Ne4 14.Nfe5 Nd6 15.b3 Nf7
16.f3 Ndxe5 17.dxe5 Qc7 18.cxd5 Qb6+ 19.Kh1 cxd5 20.e4 fxe4 21.fxe4 dxe4
22.Bxe4 Bd7 23.Rac1 Ng5 24.Bg2 Rxf1+ 25.Rxf1 Kg8 26.Qc5 Bc6 27.Bxc6 Qxc6+
28.Qxc6 bxc6 29.Nc5 Rd8 30.h4 Rd5 31.b4 Nf7 32.Nxe6 Rxe5 33.Nd4 Nd8 34.Rc1 Rd5
35.Rc4 h6 36.a3 Rd6 37.Kg2 Kh7 38.Kf3 Ne6 39.Nxe6 Rxe6 40.h5 Rd6 41.a4 a5
42.bxa5 Rd5 43.a6 Rxh5 44.Rxc6 Ra5 45.Rb6 Rxa4 46.g4 Ra3+ 47.Kf4 Ra4+ 48.Kf3 Ra3+  1/2-1/2

[Event "1st TCh-WSen"]
[Site "Port Erin IOM"]
[Date "2004.10.07"]
[Round "3"]
[White "Hecht,HJ"]
[Black "Barlocco,C"]
[Result "1-0"]
[WhiteElo "2389"]
[BlackElo "2108"]

1.d4 d5 2.c4 e6 3.Nf3 Nf6 4.g3 Be7 5.Bg2 O-O 6.Qc2 Nc6 7.O-O dxc4 8.Qxc4 Qd5
9.Qd3 Rd8 10.Nc3 Qh5 11.Qc4 Bd7 12.e4 Be8 13.Bf4 Rac8 14.Rad1 a6 15.Qe2 Qa5
16.a3 Bf8 17.Rfe1 Ne7 18.Bg5 h6 19.Be3 Ng6 20.h3 c6 21.Nd2 b5 22.Nb3 Qc7
23.f4 a5 24.e5 Nd5 25.Ne4 a4 26.Nbc5 Nxe3 27.Qxe3 Ne7 28.g4 Nd5 29.Qf2 Bxc5
30.dxc5 Qe7 31.Nd6 Rb8 32.Rd4 Bd7 33.f5 Kh8 34.f6 gxf6 35.exf6 Qf8 36.Re5 Bc8
37.Rh5 Rxd6 38.Qh4  1-0

[Event "36th Olympiad w"]
[Site "Calvia ESP"]
[Date "2004.10.17"]
[Round "2"]
[White "Batceceg,T"]
[Black "Chirivi,Y"]
[Result "1-0"]
[WhiteElo "2209"]
[BlackElo "2070"]

1.d4 d5 2.Nf3 e6 3.c4 Nf6 4.g3 Be7 5.Bg2 O-O 6.O-O Nbd7 7.Qc2 c6 8.Rd1 b6
9.Nbd2 Bb7 10.b3 Rc8 11.e4 c5 12.e5 Ne8 13.dxc5 Bxc5 14.Qd3 Ba6 15.Bb2 h6
16.Rac1 Qe7 17.Qb1 Nc7 18.cxd5 Nxd5 19.Nc4 Rfd8 20.Qe4 b5 21.Ncd2 N7b6 22.Qg4 Nb4
23.Bf1 Nd3 24.Bxd3 Rxd3 25.Ne4 Rxd1+ 26.Rxd1 Kh8 27.Nd6 Rd8 28.Nxf7+ Qxf7
29.Rxd8+ Kh7 30.Bd4 Be7 31.Bxb6 axb6 32.Qe4+ Qf5 33.Qxf5+ exf5 34.Ra8 Bb7
35.Ra7  1-0

[Event "36th Olympiad w"]
[Site "Calvia ESP"]
[Date "2004.10.19"]
[Round "5"]
[White "Dedijer,S"]
[Black "Vovk,Ok"]
[Result "1/2-1/2"]
[WhiteElo "2064"]
[BlackElo "2153"]

1.d4 Nf6 2.c4 e6 3.g3 d5 4.Nf3 Be7 5.Bg2 O-O 6.O-O c6 7.Qc2 Nbd7 8.Rd1 b6
9.b3 Bb7 10.Nc3 Rc8 11.e4 dxe4 12.Nxe4 c5 13.Nfg5 Nxe4 14.Nxe4 cxd4 15.Rxd4 Bxe4
16.Rxe4 Nc5 17.Re2 b5 18.Be3 bxc4 19.Qxc4 a5 20.Rc1 Nd3 21.Qxc8 Qxc8 22.Rxc8 Rxc8
23.Bb7 Rc7 24.Ba6 Nb4 25.Bc4 Rd7 26.Rd2 Rxd2 27.Bxd2 Nxa2 28.Bxa5 Nb4 29.Kf1 Bc5
30.Ke2 Kf8 31.Bd8 Nc6 32.Bc7 Ke7 33.Bf4 f6 34.h4 Nb4 35.Bb5 Nd5 36.Bd2 Kd6
37.Be1 Nc7 38.Ba5 g6 39.f3 Nxb5 40.Ke1 Nd4 41.Bd2 Nc6 42.Bc3 Nd4  1/2-1/2

[Event "36th Olympiad w"]
[Site "Calvia ESP"]
[Date "2004.10.22"]
[Round "7"]
[White "Prudnikova,S"]
[Black "Mendoza,B"]
[Result "1-0"]
[WhiteElo "2402"]
[BlackElo "2131"]

1.Nf3 Nf6 2.c4 e6 3.g3 d5 4.Bg2 Be7 5.d4 O-O 6.O-O dxc4 7.Qa4 c6 8.Qxc4 b5
9.Qc2 Bb7 10.Nc3 Qb6 11.e4 c5 12.e5 Nd5 13.Bg5 Nb4 14.Qb1 f6 15.dxc5 Bxc5
16.exf6 gxf6 17.Bh6 Rf7 18.Ne4 N8a6 19.a3 Nd5 20.Nxc5 Nxc5 21.b4 Na4 22.Qe4 Nac3
23.Qg4+ Kh8 24.Rfe1 Re7 25.Rac1 Rc8 26.Nd4 Rc4 27.Rxe6 Rxd4 28.Rxb6 Rxg4
29.Rxb7 Rxb7 30.Rxc3 Nxc3 31.Bxb7 Nb1 32.f4 Rg8 33.f5 Rd8 34.g4 Nxa3 35.g5 fxg5
36.f6 Kg8 37.Be4 Kf7 38.Bxg5 Rd4 39.Bf3 Kg6 40.h4 Kf7 41.Bh5+ Kg8 42.f7+ Kg7
43.Bf6+ Kxf6 44.f8=Q+ Ke5 45.Qe7+ Kf4 46.Qf6+ Ke3 47.Qf3+ Kd2 48.Qxa3 Rd3
49.Qb2+  1-0

[Event "36th Olympiad"]
[Site "Calvia ESP"]
[Date "2004.10.22"]
[Round "7"]
[White "Roiz,M"]
[Black "Lputian,S"]
[Result "1/2-1/2"]
[WhiteElo "2560"]
[BlackElo "2634"]

1.d4 d5 2.c4 e6 3.Nf3 Nf6 4.g3 Be7 5.Bg2 O-O 6.O-O c6 7.Nc3 Nbd7 8.Bf4 Nh5
9.Bd2 Nhf6 10.Bf4 Nh5 11.Bc1 Nhf6 12.b3 b6 13.Nd2 Ba6 14.e4 Rc8 15.Bb2 dxe4
16.Ncxe4 Qc7 17.Re1 c5 18.d5 exd5 19.Nc3 Rfe8 20.Nxd5 Nxd5 21.Bxd5  1/2-1/2

[Event "36th Olympiad"]
[Site "Calvia ESP"]
[Date "2004.10.23"]
[Round "8"]
[White "Fernandes,An"]
[Black "Ghaem Maghami,E"]
[Result "0-1"]
[WhiteElo "2431"]
[BlackElo "2558"]

1.Nf3 Nf6 2.c4 e6 3.g3 d5 4.d4 Be7 5.Bg2 O-O 6.O-O dxc4 7.Qa4 a6 8.Qxc4 b5
9.Qc2 Bb7 10.Bf4 Nc6 11.Nbd2 Bd6 12.Bg5 h6 13.Bxf6 Qxf6 14.Ne4 Qe7 15.a3 Na5
16.Nfd2 f5 17.Nxd6 cxd6 18.Bxb7 Qxb7 19.Qc3 Nc6 20.Rac1 Rac8 21.Qf3 Na5 22.Qxb7 Nxb7
23.e4 fxe4 24.Nxe4 Rc4 25.Rxc4 bxc4 26.Rc1 d5 27.Nc3 Nd6 28.Rc2 Rf3 29.Re2 Kf7
30.Re3 Rf6 31.Ne2 Ne4 32.b3 cxb3 33.Rxb3 Rxf2 34.Re3 Rf6 35.Nf4 Nd2 36.Rc3 g5
37.Rc7+ Kf8 38.Nd3 Nf3+ 39.Kg2 Nxd4 40.Rd7 Rf3 41.Ne5 Rxa3 42.Rh7 a5 43.Kh3 Re3
44.Ng4 Re4 45.Nf6 Re2 46.Kg4 Rxh2 47.Ra7 Nc6 48.Nd7+ Ke7 49.Rb7 Kd6 50.Kf3 Nd4+
51.Kg4 Nc6 52.Kf3 Ne5+ 53.Nxe5 Kxe5 54.Kg4 Kf6 55.Ra7 h5+ 56.Kf3 g4+ 57.Ke3 Rg2  0-1

[Event "36th Olympiad w"]
[Site "Calvia ESP"]
[Date "2004.10.25"]
[Round "10"]
[White "Dedijer,S"]
[Black "Mendoza,B"]
[Result "1/2-1/2"]
[WhiteElo "2064"]
[BlackElo "2131"]

1.d4 Nf6 2.c4 e6 3.g3 d5 4.Bg2 Be7 5.Nf3 O-O 6.O-O dxc4 7.Ne5 Nc6 8.Nxc6 bxc6
9.Qc2 Qxd4 10.Rd1 Qb6 11.Qxc4 Ba6 12.Qxc6 Bxe2 13.Re1 Rad8 14.Nc3 Ba6 15.Be3 Qxc6
16.Bxc6 Bb4 17.Bxa7 Rd2 18.a3 Bxc3 19.bxc3 Bc4 20.Be3 Rc2 21.Rec1 Rxc1+ 22.Rxc1 Ng4
23.Bd4 f6 24.Rb1 Rd8 25.Rb4 Ne5 26.f4 Nxc6 27.Rxc4 Nxd4 28.cxd4 Ra8 29.a4 Ra7
30.Kf2 Kf7 31.Ke3 Ke7 32.Kd3 Kd6 33.Rb4  1/2-1/2

[Event "36th Olympiad"]
[Site "Calvia ESP"]
[Date "2004.10.27"]
[Round "12"]
[White "Gnusarev,P"]
[Black "Lutz,C"]
[Result "1/2-1/2"]
[WhiteElo "2357"]
[BlackElo "2596"]

1.d4 Nf6 2.c4 e6 3.g3 d5 4.Bg2 Be7 5.Nf3 O-O 6.Nc3 dxc4 7.Ne5 Qd6 8.Nxc4 Qa6
9.Qa4 Rd8 10.e3 Nd5 11.Qxa6 Nxa6 12.O-O Rb8 13.Rd1 Nb6 14.Nxb6 axb6 15.e4 Bd7
16.Bf4 Rbc8 17.h4 b5 18.a3 h6 19.d5 g5 20.hxg5 hxg5 21.d6 cxd6 22.Bxd6 Bxd6
23.Rxd6 Bc6 24.Rad1 Rxd6 25.Rxd6 b4 26.axb4 Nxb4 27.e5 Kg7 28.f4 gxf4 29.gxf4 Ra8
30.Bxc6 bxc6 31.Kf2 Ra1 32.Rd1 Rxd1  1/2-1/2

[Event "36th Olympiad"]
[Site "Calvia ESP"]
[Date "2004.10.28"]
[Round "13"]
[White "Dearing,E"]
[Black "Erturan,Y"]
[Result "1-0"]
[WhiteElo "2376"]
[BlackElo "2281"]

1.c4 Nf6 2.g3 e6 3.Bg2 d5 4.d4 Be7 5.Nf3 O-O 6.O-O c6 7.Qc2 Nbd7 8.Nbd2 b6
9.e4 dxe4 10.Nxe4 Bb7 11.Rd1 Nxe4 12.Qxe4 Nf6 13.Qc2 Qc8 14.c5 Nd5 15.Bg5 f6
16.Bd2 bxc5 17.dxc5 e5 18.Rac1 Qe6 19.Re1 Qf7 20.Qa4 Rfe8 21.b4 a6 22.Bc3 Rad8
23.Bb2 Bf8 24.Rcd1 Bc8 25.a3 Qb7 26.Nd4 Bd7 27.Nb3 Kh8 28.Na5 Qc7 29.Qc2 Be6
30.Rd2 g6 31.h3 Bh6 32.Rde2 Bf5 33.Qc4 Ne7 34.Rxe5 fxe5 35.Bxe5+ Qxe5 36.Rxe5 Bg7
37.Re1 Bd3 38.Qf7  1-0

[Event "36th Olympiad"]
[Site "Calvia ESP"]
[Date "2004.10.28"]
[Round "13"]
[White "Cordova,Em"]
[Black "Kayle,C"]
[Result "1-0"]
[WhiteElo "2347"]
[BlackElo "2036"]

1.d4 d5 2.c4 e6 3.Nf3 Nf6 4.g3 Be7 5.Bg2 O-O 6.O-O dxc4 7.Nc3 c5 8.dxc5 Nc6
9.Qa4 Qa5 10.Qxc4 Qxc5 11.Qxc5 Bxc5 12.Bg5 Bd7 13.Rac1 Be7 14.a3 Rfd8 15.b4 Rac8
16.e4 h6 17.Bf4 Be8 18.e5 Nd5 19.Nxd5 Rxd5 20.Rc3 Rcd8 21.h4 a5 22.bxa5 Rxa5
23.Rb1 Rxa3 24.Rxa3 Bxa3 25.Rxb7 Be7 26.Nd2 Kf8 27.Nc4 Nd4 28.Be3 Bc6 29.Bxc6 Nxc6
30.Bb6 Rb8 31.Rc7 Nb4 32.Ba7 Rd8 33.Kg2 Nd5 34.Rb7 g6 35.Bb8 Rc8 36.Nd6 Rd8
37.Nb5 Ke8 38.Nd6+ Kf8 39.Ne4 Ke8 40.Bd6 Rd7 41.Rb3 f5 42.Nc5 Bxd6 43.Nxd7 Kxd7
44.exd6 Kxd6 45.Rb7 Ke5 46.h5 Kf6 47.hxg6 Kxg6 48.f4 Ne3+ 49.Kf3 Ng4 50.Rb6 Kf7
51.Ke2 h5 52.Kf3 Kf6 53.Kg2 Kf7 54.Kh3 Nf6 55.Rb7+ Kf8 56.Kh4 Ke8 57.Rb3 Kf7
58.Kg5 Ne4+ 59.Kxh5 Kf6 60.Kh4 Kg6 61.Re3 Nc5 62.Re5  1-0

[Event "Corsica Masters KO"]
[Site "Bastia FRA"]
[Date "2004.11.02"]
[Round "1.1"]
[White "Sulava,N"]
[Black "Anand,V"]
[Result "1/2-1/2"]
[WhiteElo "2477"]
[BlackElo "2781"]

1.d4 Nf6 2.c4 e6 3.g3 d5 4.Bg2 Be7 5.Nf3 O-O 6.Qc2 c5 7.dxc5 Bxc5 8.cxd5 Bb4+
9.Bd2 Bxd2+ 10.Nbxd2 Nxd5 11.O-O Nc6 12.Rfd1 Qe7 13.Ne4 h6 14.Rac1 Bd7 15.Qc5 b6
16.Qxe7 Ncxe7 17.Ne5 Bb5 18.e3 Rad8 19.Bf1 Bxf1  1/2-1/2

[Event "FSGM November"]
[Site "Budapest HUN"]
[Date "2004.11.06"]
[Round "1"]
[White "Ilincic,Z"]
[Black "Ziatdinov,R"]
[Result "1-0"]
[WhiteElo "2522"]
[BlackElo "2464"]

1.d4 d5 2.c4 e6 3.Nf3 Nf6 4.g3 Be7 5.Bg2 O-O 6.O-O c6 7.Qc2 b6 8.Rd1 a5 9.Nbd2 Na6
10.e4 Ra7 11.Ne5 Rc7 12.Qb3 Nb4 13.a3 a4 14.Qxa4 b5 15.cxb5 cxb5 16.Qxb5 Ba6
17.Qa4 Nc2 18.Nc6 Rxc6 19.Qxc6 Bd3 20.Qc3 dxe4 21.Bxe4 Bxe4 22.Nxe4 Nxa1
23.Nxf6+ Bxf6 24.b4 e5 25.Qxa1 exd4 26.Bb2 Qd5 27.a4 h5 28.h4 Re8 29.a5 g5
30.Bxd4 Rd8 31.Bxf6 Qxd1+ 32.Qxd1 Rxd1+ 33.Kg2 Rb1 34.Be7 f6 35.a6 Kf7 36.Bc5 Ke6
37.a7 Ra1 38.g4 hxg4 39.h5 g3 40.Kxg3  1-0

[Event "WYb16"]
[Site "Heraklio GRE"]
[Date "2004.11.06"]
[Round "3"]
[White "Rodshtein,M"]
[Black "Baramidze,D"]
[Result "1/2-1/2"]
[WhiteElo "2377"]
[BlackElo "2543"]

1.d4 Nf6 2.c4 e6 3.g3 Be7 4.Nf3 d5 5.Bg2 O-O 6.O-O dxc4 7.Qc2 a6 8.Qxc4 b5
9.Qc2 Bb7 10.Bd2 Nc6 11.e3 Nb4 12.Bxb4 Bxb4 13.Ne5 Bxg2 14.Kxg2 Qd5+ 15.f3 c5
16.Nd3 Rfc8 17.Qe2 Nd7 18.a3 Ba5 19.b4 cxb4 20.axb4 Bb6 21.Nc5 Bxc5 22.bxc5 Qc6
23.Nc3 Nf6 24.Qd3 e5 25.Ne4 exd4 26.exd4 a5 27.Nxf6+ Qxf6 28.Rfd1 b4 29.Qc4 Qa6
30.Qxa6 Rxa6 31.Ra4 Kf8 32.Kf2 b3 33.Rb1 Rb8 34.Ke3 b2 35.Kd3 Rh6 36.h4 Rf6
37.Ke4 Re6+ 38.Kd3 Rf6 39.Ke4 Re6+ 40.Kd3  1/2-1/2

[Event "V Open"]
[Site "Sauzal ESP"]
[Date "2004.11.06"]
[Round "3"]
[White "Martin Luis,C"]
[Black "Zambrana,O"]
[Result "0-1"]
[WhiteElo "2215"]
[BlackElo "2473"]

1.d4 Nf6 2.c4 e6 3.g3 d5 4.Bg2 Be7 5.Nf3 O-O 6.O-O Nbd7 7.Qc2 c6 8.b3 b6
9.Rd1 Bb7 10.Nc3 Qc8 11.Bb2 b5 12.c5 b4 13.Nb1 a5 14.Nbd2 Re8 15.Ne5 Nxe5
16.dxe5 Nd7 17.Bd4 Qb8 18.f4 Ba6 19.Bf3 Bb5 20.a4 bxa3 21.Rxa3 Ra6 22.Nf1 Qa7
23.Rc1 Bf8 24.Ne3 Qc7 25.Rca1 Rb8 26.h4 Qa7 27.Rc1 Qb7 28.Rca1 Raa8 29.Qc3 a4
30.bxa4 Ba6 31.R3a2 Qb4 32.Rc2 Qxc3 33.Rxc3 Rb4 34.Nc2 Rb2 35.Kf2 Rab8 36.Ne1 R8b4  0-1

[Event "EuCh-Internet KO"]
[Site "playchess.com INT"]
[Date "2004.11.07"]
[Round "2.1"]
[White "Nielsen,PH"]
[Black "Short,N"]
[Result "1/2-1/2"]
[WhiteElo "2663"]
[BlackElo "2687"]

1.d4 Nf6 2.c4 e6 3.g3 d5 4.Nf3 Be7 5.Bg2 O-O 6.O-O dxc4 7.Qc2 a6 8.Qxc4 b5
9.Qc2 Bb7 10.Bd2 Ra7 11.Rc1 Be4 12.Qd1 Bxf3 13.Bxf3 Qxd4 14.Be3 Qxd1+ 15.Rxd1 c5
16.a4 bxa4 17.Rxa4 Nbd7 18.Na3 Rb8 19.Nc4 h6 20.Bf4 Rb5 21.Na5 Nb6 22.Ra2 Nbd5
23.Nc6 Rab7 24.Be5 R5b6 25.Nxe7+ Rxe7 26.Ra5 Nd7 27.Bc3 Nxc3 28.bxc3 g5 29.Rda1 Rb3
30.Rc1 Kg7 31.Rxa6 Ne5 32.Ra5 Rc7 33.Bg2 Rb2 34.Bf1 Kf6 35.h3 Ke7 36.Kg2 Rb3
37.Kg1 Rb2 38.Kg2 Nd7 39.Kg1 Nf6 40.e3 Nd5 41.Bg2 Nf6 42.Ra8 h5 43.Ra5 g4
44.h4 Kf8  1/2-1/2

[Event "Open"]
[Site "Calcutta IND"]
[Date "2004.11.12"]
[Round "6"]
[White "Fominyh,A"]
[Black "Laxman,R"]
[Result "1-0"]
[WhiteElo "2533"]
[BlackElo "2424"]

1.d4 Nf6 2.c4 e6 3.g3 d5 4.Bg2 Be7 5.Nf3 O-O 6.O-O dxc4 7.Qc2 Na6 8.Qxc4 Bd7
9.Nc3 Rb8 10.Rd1 b5 11.Qd3 Nb4 12.Qb1 Bc6 13.e4 Ba8 14.a3 Nc6 15.b4 a5 16.d5 exd5
17.exd5 Na7 18.Nd4 g6 19.Be3 Ng4 20.Ne6 fxe6 21.Bxa7 axb4 22.axb4 Bf6 23.Qb3 Bxc3
24.Qxc3 Rc8 25.Bc5 Qf6 26.Qxf6 Rxf6 27.h3 Ne5 28.f4 Nc4 29.Bd4 Rff8 30.dxe6 Bxg2
31.Kxg2 Rfe8 32.Re1 Rcd8 33.Bc5 Rd2+ 34.Kf3 Rd3+ 35.Kg4 Nd6 36.Re5 h5+ 37.Kh4 Nf5+
38.Rxf5 gxf5 39.Re1 Kg7 40.Kg5 Rxg3+ 41.Kxf5 h4 42.Ke5 Rxh3 43.f5 Rf3 44.Rg1+ Kh7
45.e7 h3 46.Ke6 Ra8 47.Rg4 Kh6 48.f6 Kh5 49.Rg7 h2 50.f7 Ra6+ 51.Kd7 Rd3+
52.Kxc7 Rc6+ 53.Kxc6 h1=Q+ 54.Kb6 Rd6+ 55.Bxd6 Qd5 56.e8=Q Qxd6+ 57.Kb7 Qd5+
58.Qc6  1-0

[Event "Bundesliga 2004-5"]
[Site "Koelln GER"]
[Date "2004.11.13"]
[Round "1"]
[White "Ribli,Z"]
[Black "Ginsburg,G"]
[Result "1-0"]
[WhiteElo "2603"]
[BlackElo "2481"]

1.Nf3 Nf6 2.c4 e6 3.g3 d5 4.d4 Be7 5.Bg2 O-O 6.O-O c6 7.b3 Nbd7 8.Qc2 b6
9.Rd1 Ba6 10.Nbd2 Rc8 11.e4 c5 12.exd5 exd5 13.Nf1 cxd4 14.Nxd4 b5 15.Ne3 Nb6
16.Qd2 bxc4 17.Qa5 Bb7 18.Qxa7 Ba8 19.Nef5 Bc5 20.Ne6 Bxf2+ 21.Kxf2 Ng4+
22.Kg1 Qf6 23.Ned4 Rfe8 24.h3 Ne5 25.Rf1 Kh8 26.Kh2 c3 27.Ba3 Nd3 28.Nd6 Qxd4
29.Nxe8 Rxe8 30.Qxf7  1-0

[Event "XLIII WJun"]
[Site "Kochin IND"]
[Date "2004.11.20"]
[Round "2"]
[White "Berkes,F"]
[Black "Poobesh Anand,S"]
[Result "1-0"]
[WhiteElo "2630"]
[BlackElo "2367"]

1.d4 Nf6 2.c4 e6 3.g3 d5 4.Bg2 Be7 5.Nf3 O-O 6.O-O dxc4 7.Na3 Bxa3 8.bxa3 Bd7
9.Ne5 Bc6 10.Nxc6 Nxc6 11.Bb2 Nd5 12.Rc1 c3 13.Ba1 Qd6 14.e4 Nb6 15.Rxc3 Rad8
16.Rd3 Ne5 17.Rc3 Nc6 18.Rd3 Ne5 19.Rb3 Nc6 20.d5 exd5 21.exd5 Ne7 22.a4 f6
23.a5 Nbxd5 24.Rxb7 a6 25.Qb3 Kh8 26.Bb2 Rfe8 27.Re1 h6 28.Ba3 c5 29.Rd1 Qc6
30.Rxe7 Rxe7 31.Bxd5 Qc7 32.Rc1 Qxa5 33.Kg2 Rc7 34.Bc4 Qd2 35.Bxa6 c4 36.Bxc4 Rcc8
37.Rc3 Qd4 38.Qc2 Rd7 39.Bb2 Qd2 40.Qxd2 Rxd2 41.Bb3  1-0

[Event "17th Belgrade Trophy"]
[Site "Obrenovac SCG"]
[Date "2004.11.22"]
[Round "1"]
[White "Kizov,A"]
[Black "Stojanovic,K"]
[Result "1-0"]
[WhiteElo "2355"]
[BlackElo "2015"]

1.d4 d5 2.c4 e6 3.Nf3 Nf6 4.g3 Be7 5.Bg2 O-O 6.O-O Nbd7 7.Qc2 Re8 8.Rd1 c5
9.cxd5 exd5 10.Nc3 Nb6 11.Bg5 c4 12.Ne5 Ng4 13.Bf4 Nxe5 14.Bxe5 a6 15.a4 Be6
16.a5 Nc8 17.b3 cxb3 18.Qxb3 b5 19.Bxd5 Bxd5 20.Nxd5 Bd6 21.e4 Bxe5 22.dxe5 Qg5
23.Nc7  1-0

[Event "17th Belgrade Trophy"]
[Site "Obrenovac SCG"]
[Date "2004.11.22"]
[Round "1"]
[White "Raetsky,A"]
[Black "Kerecki,L"]
[Result "1-0"]
[WhiteElo "2430"]
[BlackElo "2101"]

1.d4 d5 2.c4 e6 3.Nf3 Nf6 4.g3 Be7 5.Bg2 O-O 6.O-O Nbd7 7.Qc2 Ne4 8.Nc3 f5
9.cxd5 Nxc3 10.dxe6 Nxe2+ 11.Qxe2 Nb6 12.Re1 c6 13.Bd2 a5 14.Ne5 Rf6 15.Nd7 Bxd7
16.exd7 Rf7 17.d5 Nxd5 18.Bxd5 cxd5 19.Qb5 d4 20.Rac1 b6 21.Qd5 Rb8 22.Rxe7 Qxe7
23.Rc8+ Qd8 24.Rxb8  1-0

[Event "Stek Cup"]
[Site "Tula RUS"]
[Date "2004.11.23"]
[Round "7"]
[White "Khanov,V"]
[Black "Zaitsev,A2"]
[Result "0-1"]
[WhiteElo "2216"]
[BlackElo "2329"]

1.d4 Nf6 2.c4 e6 3.g3 d5 4.Bg2 Be7 5.Nf3 O-O 6.O-O dxc4 7.Ne5 Nc6 8.Bxc6 bxc6
9.Nxc6 Qe8 10.Nxe7+ Qxe7 11.Nc3 c5 12.dxc5 Qxc5 13.e4 Bb7 14.Qe2 Qc6 15.f3 Nd7
16.Be3 Ne5 17.Rad1 Nd3 18.Rd2 f5 19.Qg2 Rf7 20.exf5 Rxf5 21.Ne4 Raf8 22.g4 Rd5
23.g5 Ne5 24.h4 Rxd2 25.Bxd2 Qb6+ 26.Kh1 Qxb2 27.Bc3 Qxg2+ 28.Kxg2 Nxf3  0-1

[Event "17th Belgrade Trophy"]
[Site "Obrenovac SCG"]
[Date "2004.11.25"]
[Round "4"]
[White "Andonov,B"]
[Black "Cvetkovic,Sr"]
[Result "1-0"]
[WhiteElo "2331"]
[BlackElo "2433"]

1.Nf3 Nf6 2.c4 e6 3.g3 d5 4.Bg2 Be7 5.d4 O-O 6.Qc2 c6 7.O-O b6 8.b3 a5 9.Rd1 Ba6
10.Nbd2 b5 11.c5 b4 12.Re1 Nbd7 13.Bb2 Qc7 14.a3 bxa3 15.Rxa3 Bb5 16.e3 Ra7
17.Rea1 Rfa8 18.Nb1 Ne4 19.Ne1 f5 20.f3  1-0

[Event "XLIII WJun"]
[Site "Kochin IND"]
[Date "2004.11.26"]
[Round "10"]
[White "Olsson,L"]
[Black "Venkatesh,M"]
[Result "1-0"]
[WhiteElo "2289"]
[BlackElo "2450"]

1.d4 Nf6 2.c4 e6 3.g3 d5 4.Bg2 Be7 5.Nf3 O-O 6.O-O dxc4 7.Qc2 a6 8.a4 Bd7
9.Qxc4 Bc6 10.Bg5 Nbd7 11.Nc3 Rc8 12.a5 Nd5 13.Bf4 Nb4 14.e4 b5 15.axb6 cxb6
16.Qe2 Bb7 17.Rfd1 a5 18.Rac1 Ba6 19.Qe3 Bc4 20.h4 Bb3 21.Rd2 a4 22.Bf1 Nf6
23.Ne5 Nh5 24.Bb5 Nxf4 25.Qxf4 f6 26.Nf3 Bd6 27.Qe3 Qe7 28.Re2 Ra8 29.Nd2 Nc2
30.Qd3 Rfd8 31.Rxc2 Bxc2 32.Qxc2 a3 33.bxa3 Bxa3 34.d5 Bb4 35.Re3 Ra5 36.Bc6 Rc5
37.Nb3 Rc4 38.Bb5 Rcc8 39.Bc6 Bc5 40.Nxc5 Qxc5 41.Qb3 Kh8 42.Kg2 Qd4 43.Ne2 Qc5
44.Nf4 Rd6 45.Rc3 Qd4 46.Rc4 Qe5 47.Nxe6 f5 48.Ng5 Rf6 49.exf5 Rxf5 50.Re4 Qf6
51.Qe3 Rf8 52.f4 Qb2+ 53.Qe2 Qa3 54.Ne6 Rg8 55.Qc2 Rf6 56.Ng5 Qc5 57.Rc4  1-0

[Event "Lushki A"]
[Site "Serpukhov RUS"]
[Date "2004.11.27"]
[Round "12"]
[White "Zubarev,Al1"]
[Black "Zaitsev,Vl2"]
[Result "1-0"]
[WhiteElo "2505"]
[BlackElo "2392"]

1.d4 e6 2.g3 d5 3.Bg2 Nf6 4.Nf3 Be7 5.c4 c6 6.O-O O-O 7.Qc2 b6 8.Rd1 Ba6
9.b3 Nbd7 10.Nbd2 b5 11.c5 b4 12.Re1 Bb5 13.Bb2 Qc7 14.e4 Nxe4 15.Nxe4 dxe4
16.Rxe4 Nf6 17.Rh4 h6 18.Re1 Rfd8 19.Ne5 Nd7 20.Rxh6 gxh6 21.Nxf7 Nf8 22.Nxh6+ Kg7
23.d5+ Kxh6 24.d6 Bxd6 25.cxd6 Qxd6 26.Be5 Qd7 27.Be4 Ng6 28.Bxg6 Bd3 29.Bxd3 Qxd3
30.Qxc6 Qd5 31.Qc1+ Kg6 32.Qf4 Rf8 33.Qg4+ Kh6 34.Qg7+ Kh5 35.g4+ Kh4 36.Qh6+ Kxg4
37.h3+  1-0

[Event "National Chess Congress"]
[Site "Philadephia USA"]
[Date "2004.11.28"]
[Round "5"]
[White "Bonin,J"]
[Black "Kiriakov,P"]
[Result "1/2-1/2"]
[WhiteElo "2342"]
[BlackElo "2555"]

1.d4 Nf6 2.Nf3 e6 3.c4 d5 4.g3 Be7 5.Bg2 O-O 6.Nbd2 b6 7.O-O Ba6 8.b3 c5
9.Bb2 Nc6 10.Rc1 Rc8 11.dxc5 Bxc5 12.a3 dxc4 13.Nxc4 Ne4 14.e3 Be7 15.Nd4 Nxd4
16.Bxe4 Bxc4 17.Rxc4 Rxc4 18.bxc4 Nf5 19.Qg4 g6 20.Rd1 Qc8 21.Bxf5 exf5 22.Qd4 f6
23.Qd7 Rd8 24.Qxc8 Rxc8 25.Rd7 Kf8 26.Rxa7 Rxc4 27.a4 Ke8 28.Bd4 Rb4 29.Kf1 h5
30.Ke2 Rb3 31.Rb7 Ra3 32.Rxb6 Rxa4 33.Bxf6 Bc5 34.Rc6 Kf7 35.Bg5 Bf8 36.h4 Ra2+
37.Kf3 Bb4 38.Kf4 Rxf2+ 39.Ke5 Ra2 40.Rc7+ Kg8 41.Bh6 Ra6 42.Rg7+  1/2-1/2

[Event "Bundesliga 2004-5"]
[Site "Preetzer GER"]
[Date "2004.11.28"]
[Round "4"]
[White "Rasmussen,K"]
[Black "Lutz,C"]
[Result "1/2-1/2"]
[WhiteElo "2462"]
[BlackElo "2596"]

1.d4 Nf6 2.c4 e6 3.g3 d5 4.Nf3 Be7 5.Bg2 O-O 6.O-O dxc4 7.Qc2 a6 8.Qxc4 b5
9.Qc2 Bb7 10.Bg5 Nbd7 11.Bxf6 Nxf6 12.Nbd2 Rc8 13.Nb3 Be4 14.Qc3 Nd5 15.Qd2 Bb4
16.Qd1 c5 17.a3 c4 18.axb4 cxb3 19.Qxb3 Qd6 20.Ng5 Bxg2 21.Qd3 g6 22.Kxg2 Nxb4
23.Ne4 Qc6 24.Qf3 f5 25.Nc5 Rfd8 26.e3 e5 27.Rfc1 exd4 28.e4 fxe4 29.Nxe4 Qe6
30.Ng5 Qd5 31.Qxd5+ Nxd5 32.Rxc8 Rxc8 33.Rxa6 d3 34.Rd6 Nb4 35.Rd7 h6 36.Ne4 Rc2
37.Nf6+ Kf8 38.Nh7+ Ke8 39.Nf6+ Kf8 40.Nh7+ Ke8 41.Nf6+ Kf8  1/2-1/2

[Event "Bundesliga 2004-5"]
[Site "Wattenscheid GER"]
[Date "2004.11.28"]
[Round "4"]
[White "Schebler,G"]
[Black "Johannessen,LE"]
[Result "1/2-1/2"]
[WhiteElo "2496"]
[BlackElo "2519"]

1.Nf3 d5 2.d4 Nf6 3.c4 e6 4.g3 Be7 5.Bg2 O-O 6.O-O dxc4 7.Qc2 a6 8.Qxc4 b5
9.Qc2 Bb7 10.Bd2 h6 11.Rd1 Bd6 12.a4 Nbd7 13.Bf4 Nd5 14.Bxd6 cxd6 15.axb5  1/2-1/2